প্লেটোর সংলাপ / (Record no. 46774)
[ view plain ]
| 000 -LEADER | |
|---|---|
| fixed length control field | 00946nam a2200253 a 4500 |
| 001 - CONTROL NUMBER | |
| control field | 46774 |
| 003 - CONTROL NUMBER IDENTIFIER | |
| rucl marc code | BD-RjUL |
| 005 - DATE AND TIME OF LATEST TRANSACTION | |
| control field | 20211209054213.0 |
| 008 - FIXED-LENGTH DATA ELEMENTS--GENERAL INFORMATION | |
| fixed length control field | 160804s1973 bg ||||| |||| 00| 0 ben d |
| 035 ## - SYSTEM CONTROL NUMBER | |
| System control number | (BD-RjUL) 46893 |
| 040 ## - CATALOGING SOURCE | |
| Original cataloging agency | BD-RjUL |
| Language of cataloging | ben |
| Transcribing agency | BD-RjUL |
| 041 ## - LANGUAGE CODE | |
| Language code of text/sound track or separate title | ben |
| 082 ## - DEWEY DECIMAL CLASSIFICATION NUMBER | |
| Edition number | 23 |
| Classification number | B 184 |
| Author mark and year | PLA 1965 |
| 245 00 - TITLE STATEMENT | |
| Title | প্লেটোর সংলাপ / |
| Statement of responsibility, etc. | সরদার ফজলুল করিম. |
| 250 ## - EDITION STATEMENT | |
| Edition statement | ২য় সং. |
| 260 ## - PUBLICATION, DISTRIBUTION, ETC. (IMPRINT) | |
| Place of publication, distribution, etc. | ঢাকা : |
| Name of publisher, distributor, etc. | বাংলা একাডেমী, |
| Date of publication, distribution, etc. | ১৯৭৩ |
| 300 ## - PHYSICAL DESCRIPTION | |
| Pagination | ৩২৩ পৃ ; |
| Size | ২১ সেমি. |
| 600 ## - SUBJECT ADDED ENTRY--PERSONAL NAME | |
| Personal name | প্লেটো |
| Chronological subdivision | ৪২৭-৩৪৭ |
| Personal name | Plato |
| Chronological subdivision | 427-347 |
| 650 ## - SUBJECT ADDED ENTRY--TOPICAL TERM | |
| Topical term or geographic name as entry element | Philosophy |
| Chronological subdivision | Early works to 1800 |
| 9 (RLIN) | 136609 |
| Topical term or geographic name as entry element | দর্শণ |
| Chronological subdivision | প্রারম্ভিক কাজ থেকে ১৮০০ |
| 9 (RLIN) | 136610 |
| 700 ## - ADDED ENTRY--PERSONAL NAME | |
| Personal name | করিম, ফজলুল সরদার. |
| 942 ## - ADDED ENTRY ELEMENTS (KOHA) | |
| Source of classification or shelving scheme | Dewey Decimal Classification |
| Koha item type | Books |
| Lost status | Source of classification or shelving scheme | Damaged status | Not for loan | Collection code | Permanent Location | Current Location | Shelving location | Date acquired | Source of acquisition | Cost, normal purchase price | Total Checkouts | Full call number | Date last seen | Date checked out | Copy number | Koha item type |
|---|---|---|---|---|---|---|---|---|---|---|---|---|---|---|---|---|
| Dewey Decimal Classification | Non-fiction | Central Library, University of Rajshahi | Central Library, University of Rajshahi | 25/01/1975 | Bangla Academy | 11.00 | 1 | B 184 PLA 1970 | 21/04/2019 | 18/04/2019 | C-2 | Books | ||||
| Dewey Decimal Classification | Non-fiction | Central Library, University of Rajshahi | Central Library, University of Rajshahi | 25/01/1975 | Bangla Academy | 11.00 | B 184 PLA 1965 | 04/08/2016 | C-3 | Books | ||||||
| Dewey Decimal Classification | Non-fiction | Central Library, University of Rajshahi | Central Library, University of Rajshahi | 25/01/1975 | Bangla Academy | 11.00 | B 184 PLA 1965 | 04/08/2016 | C-4 | Books | ||||||
| Dewey Decimal Classification | Non-fiction | Central Library, University of Rajshahi | Central Library, University of Rajshahi | 25/01/1975 | Bangla Academy | 11.00 | B 184 PLA 1973 | 04/08/2016 | C-5 | Books | ||||||
| Dewey Decimal Classification | Non-fiction | Central Library, University of Rajshahi | Central Library, University of Rajshahi | 25/01/1975 | Bangla Academy | 11.00 | B 184 PLA 1973 | 04/08/2016 | C-6 | Books | ||||||
| Dewey Decimal Classification | Non-fiction | Central Library, University of Rajshahi | Central Library, University of Rajshahi | 25/01/1975 | Bangla Academy, | 11.00 | 1 | B 184 PLA 1973 | 30/07/2019 | 24/07/2019 | C-7 | Books | ||||
| Dewey Decimal Classification | Non-fiction | Central Library, University of Rajshahi | Central Library, University of Rajshahi | 25/01/1975 | Bangla academy | 11.00 | 2 | B 184 PLA 1965 | 17/12/2023 | 17/12/2021 | C-8 | Books | ||||
| Dewey Decimal Classification | Not For Loan | Non-fiction | Central Library, University of Rajshahi | Central Library, University of Rajshahi | Reading Room | 25/01/1975 | Bangla Academy, Dhaka. | 11.00 | B 184 PLA 1973 | 17/12/2016 | C-1 | Books | ||||
| Dewey Decimal Classification | Non-fiction | Central Library, University of Rajshahi | Central Library, University of Rajshahi | 25/01/1975 | Bangla Academy , Dhaka | 11.00 | B 184 PLA 1973 | 03/01/2021 | C-9 | Books |